[Event "1st Prague Masters 2019"]
[Site "Prague CZE"]
[Date "2019.03.15"]
[Round "9.5"]
[White "Vitiugov, Nikita"]
[Black "Rapport, Richard"]
[Result "1/2-1/2"]
[WhiteTitle "GM"]
[BlackTitle "GM"]
[WhiteElo "2726"]
[BlackElo "2738"]
[WhiteFideId "4152956"]
[BlackFideId "738590"]
[EventDate "2019.03.06"]

1. e4 c5 2. Nf3 Nc6 3. c3 e6 4. d4 d5 5. exd5 exd5 6. Bb5 Bd6 7. dxc5 Bxc5 8.
O-O Ne7 9. Nbd2 O-O 10. Nb3 Bb6 11. Re1 Bg4 12. Be3 Bxe3 13. Rxe3 Nf5 14. Re1
Nh4 15. Be2 Re8 16. Nxh4 Bxe2 17. Rxe2 Qxh4 18. Rd2 Rad8 19. Nd4 g6 20. g3 Qf6
21. Kg2 h5 22. Qf3 Qg5 23. Nxc6 Qxd2 24. Nxd8 Rxd8 25. Rd1 Qxb2 26. Rxd5 Rxd5
27. Qxd5 Qxc3 28. Qxb7 Qd4 29. h4 Kg7 30. Qa6 Qe4+ 31. Kg1 1/2-1/2